| 000 | 00468nam a22001817a 4500 | ||
|---|---|---|---|
| 003 | NUST - PNEC | ||
| 005 | 20170116180755.0 | ||
| 008 | 150402b xxu||||| |||| 00| 0 eng d | ||
| 020 | _a0946110050 | ||
| 040 | _cLibrary | ||
| 082 | _a320.9549 MUA | ||
| 100 |
_92037 _aAli Muazzam |
||
| 245 |
_aPakistanis in Europe _cMuazzam Ali |
||
| 260 |
_aLondan _bNew Century Publishers _cc1982. |
||
| 300 | _a187 p. : | ||
| 650 |
_92040 _aPakistan _xGeneral |
||
| 942 |
_2ddc _cBK |
||
| 999 |
_c62721 _d62721 |
||